Statistics for Bohemian Monarchs (as Dukes and Kings of Bohemia)

Click here to take the quiz!

General Stats

  • This quiz has been taken 192 times
  • The average score is 19 of 33

Answer Stats

#Name% Correct
4Karel
97%
2František
89%
2Josef
87%
1Jan
82%
6Václav
81%
4Ferdinand
79%
1Zikmund
78%
1Jiří
73%
2Matyáš
73%
2Leopold
71%
1Ludvík
71%
2Rudolf
71%
1Marie Terezie
69%
1Ladislav
68%
1Maxmilián
68%
4Vladislav
68%
4Boleslav
64%
2Přemysl Otakar
62%
3Jindřich
61%
1Albrecht
59%
1Fridrich
56%
1Bedřich
47%
2Vratislav
45%
2Konrád
34%
2Bořivoj
33%
2Břetislav
30%
1Jaromír
26%
1Oldřich
26%
2Spytihněv
24%
2Svatopluk
24%
1Vladivoj
16%
2Soběslav
12%
1Strojmír
12%

Score Distribution

Percentile by Number Answered

Percent of People with Each Score

Your Score History

You have not taken this quiz